00728nam a2200241 a 4500001001300000003000900013005001700022008004100039020001000080082001500090100002300105245008000128260004200208300000900250500003500259505002400294650002000318700002300338902000800361942000700369952009500376999001500471nice12345678IN_TiNIC20260116011501.0050524s1909 newa grp 000 0 eng  ac10000a220.9bSMI aSmith, George Adam aHistorical Geography of the Holy Land Especially in Relation to the History aNew YorkbA.C.Armstrong and Sonc1909 a713p aincludes index and biblioraphy2 aIndex, Bibliography aBible-Geography1 aSmith, George Adam bSRS cBK 00104070aHMIbHMId2007-06-18g100.00l0o220.9 SMIp1751r2007-06-18w2026-01-16yARB c1948d1948